| 000 | 00672nam a2200229Ia 4500 | ||
|---|---|---|---|
| 003 | OSt | ||
| 005 | 20250902155053.0 | ||
| 008 | 220917b |||||||| |||| 00| 0 eng d | ||
| 037 | _cTB | ||
| 040 |
_aARTS _cARTS _beng |
||
| 041 |
_2eng _aeng |
||
| 084 |
_aSN1:(X:8) P1 _qAL |
||
| 100 |
_aJohns Gary _9141359 |
||
| 245 | 0 |
_aOrganizational behaviour _b Understanding and managing life at work |
|
| 250 | _a5th | ||
| 260 |
_aToronto _bAddison wesley longman _c2001 |
||
| 300 |
_axxvii, 607 p _ccm. |
||
| 650 | _aPSYCHOLOGY | ||
| 700 |
_a Saks Alam M. _9141360 |
||
| 942 |
_hSN1:(X:8) P1 _cTB _2CC _n0 |
||
| 999 |
_c273515 _d273515 |
||